Book-keeping teaching / (Record no. 144492)

MARC details
000 -LEADER
fixed length control field 00566nam a22001937a 4500
005 - DATE AND TIME OF LATEST TRANSACTION
control field 20170913143429.0
010 ## - LCCN (DPL NO)
LC control number ENG-120272
020 ## - INTERNATIONAL STANDARD BOOK NUMBER
International Standard Book Number 9789380567198
Terms of availability 500.00
035 ## - SYSTEM CONTROL NUMBER
System control number EN-103804
037 ## - SOURCE OF ACQUISITION
Source of stock number/acquisition DBAD/PUB
082 ## - DEWEY DECIMAL CLASSIFICATION NUMBER
Classification number 657.207
100 ## - MAIN ENTRY--PERSONAL NAME
Personal name Chaudhary,Renu
245 ## - TITLE STATEMENT
Title Book-keeping teaching /
Statement of responsibility, etc by Renu Chaudhary
260 ## - PUBLICATION, DISTRIBUTION, ETC. (IMPRINT)
Place of publication, distribution, etc Jaipur
Name of publisher, distributor, etc Shri Kavita Prakashan
Date of publication, distribution, etc 2011
260 ## - PUBLICATION, DISTRIBUTION, ETC. (IMPRINT)
Place of publication, distribution, etc Jaipur
Name of publisher, distributor, etc Apollo Prakashan
Date of publication, distribution, etc 2011
270 ## - ADDRESS
Address Shop N0-25 Pink City Market Rajapark
City Jaipur
300 ## - PHYSICAL DESCRIPTION
Extent 373p.
Dimensions 21cm(Hb)
942 ## - ADDED ENTRY ELEMENTS (KOHA)
Source of classification or shelving scheme Dewey Decimal Classification
Item type English Books
Classification part 657.20
Call number suffix CHO
Holdings
Withdrawn status Lost status Not for loan Collection code Home library Current library Date acquired Source of acquisition Cost, normal purchase price Full call number Barcode Copy number Cost, replacement price Koha item type
    Not For Loan Non-fiction D.B.Act.Division D.B.Act.Division 13/09/2017 DBAD/PUB 500.00 657.20 CHO EN-103804 1 500.00 English Books

© Delhi Public Library
Hit Counter
free hit counter